000 01046nam2a22002891 4500
001 rc\3148432
005 20250530083618.0
021 _aRU
_b[76-100352]
035 _a(NLR Aleph) 007320992
090 _a5909608
_c5909608
100 _a20120615d1976 |||y0rusy50 ca
101 0 _arus
102 _aRU
105 _aa z |||||
200 1 _aКоэффициент экранирования
_fЮ.В. Никитенко, Ю.В. Таран
210 _d1976
_aБ. м.
215 _a20 с.
_cил.
_d21
225 1 _a...
_vР13-10068
320 _aСписок лит.: с. 19-20 (12 назв.)
461 0 _1001rc\3148429
_12001#$aПятислойный ферромагнитный экран объемом 1,5 м³$v3
_95909577
_cДубна
_d1975
_nОИЯИ
_tПятислойный ферромагнитный экран объемом 1,5 м³
_v3
700 1 _aНикитенко
_bЮ.В.
701 1 _aТаран
_bЮ.В.
801 0 _aRU
_bNLR
_gpsbo
801 1 _aRU
_bELAR
_2rusmarc
852 _aNLR
_jП11/2061
942 _cBOOK
980 _aNB